Risky investments: (Record no. 507165)

000 -LEADER
fixed length control field 00490nam a2200157 4500
008 - FIXED-LENGTH DATA ELEMENTS--GENERAL INFORMATION
fixed length control field 190204b ||||| |||| 00| 0 eng d
100 ## - MAIN ENTRY--PERSONAL NAME
Personal name Hoang, Kimberly Kay
245 ## - TITLE STATEMENT
Title Risky investments:
Remainder of title how local and foreign investors finesse corruption-life emerging markets
260 ## - PUBLICATION, DISTRIBUTION, ETC. (IMPRINT)
Date of publication, distribution, etc 2018
300 ## - PHYSICAL DESCRIPTION
Extent p.657-685.
650 ## - SUBJECT ADDED ENTRY--TOPICAL TERM
Topical term or geographic name as entry element Globalisation
9 (RLIN) 1011
650 ## - SUBJECT ADDED ENTRY--TOPICAL TERM
Topical term or geographic name as entry element Emerging markets
9 (RLIN) 1012
773 ## - HOST ITEM ENTRY
Main entry heading American Sociological Review
906 ## - LOCAL DATA ELEMENT F, LDF (RLIN)
Subject DIP Investments, foreign
942 ## - ADDED ENTRY ELEMENTS (KOHA)
Source of classification or shelving scheme
Item type Articles
Holdings
Withdrawn status Lost status Source of classification or shelving scheme Damaged status Not for loan Permanent location Current location Date acquired Serial Enumeration / chronology Barcode Date last seen Koha item type
          Indian Institute of Public Administration Indian Institute of Public Administration 2019-02-04 83(4), Aug, 2018: p.657-685. AR118754 2019-02-04 Articles

Powered by Koha